Mental traps: (Record no. 10153)

MARC details
000 -LEADER
fixed length control field 00743 a2200217 4500
010 ## - LIBRARY OF CONGRESS CONTROL NUMBER
LC control number ENG-89155
020 ## - INTERNATIONAL STANDARD BOOK NUMBER
International Standard Book Number 9780070223905
Terms of availability 199.00
035 ## - SYSTEM CONTROL NUMBER
System control number EN-72688
037 ## - SOURCE OF ACQUISITION
Source of stock number/acquisition DBAD / PUB
082 ## - DEWEY DECIMAL CLASSIFICATION NUMBER
Classification number 158.1
090 ## - LOCALLY ASSIGNED LC-TYPE CALL NUMBER (OCLC); LOCAL CALL NUMBER (OCLC)
-- 10416
-- 10416
100 ## - MAIN ENTRY--PERSONAL NAME
Personal name Kukla, Andre
245 ## - TITLE STATEMENT
Title Mental traps:
Statement of responsibility, etc by Andre Kukla
Remainder of title stupid things that Sane people do to mess up their minds
260 ## - PUBLICATION, DISTRIBUTION, ETC. (IMPRINT)
Place of publication, distribution, etc New Delhi
Name of publisher, distributor, etc Tata McGraw-Hill Publishing
Date of publication, distribution, etc 2008
270 ## - ADDRESS
Address 7, West Patel Nagar,
City New Delhi
Postal code 110 008
300 ## - PHYSICAL DESCRIPTION
Extent vi, 153p.
Dimensions 21cm (pbk )
500 ## - GENERAL NOTE
General note Includes index
650 ## - SUBJECT ADDED ENTRY--TOPICAL TERM
Topical term or geographic name as entry element Self-actualization (Psychology)
942 ## - ADDED ENTRY ELEMENTS (KOHA)
Institution code [OBSOLETE] dpl
Koha item type English Books
Call number prefix 158.1 / KUK
Holdings
Withdrawn status Lost status Source of classification or shelving scheme Damaged status Not for loan Collection code Home library Current library Source of acquisition Cost, normal purchase price Total Checkouts Full call number Barcode Date last seen Copy number Uniform Resource Identifier Cost, replacement price Price effective from Koha item type
    Dewey Decimal Classification   Not For Loan Non-fiction D.B.Act.Division D.B.Act.Division DBAD/PUB 199.00   158.1 KUK EN-72688 15/09/2008 1 11182 199.00 15/09/2008 English Books

© Delhi Public Library
Hit Counter
free hit counter